| 000 | 00530nam a2200193Ia 4500 | ||
|---|---|---|---|
| 003 | GCL | ||
| 008 | 140319s9999 xx 000 0 eng d | ||
| 040 |
_aGCL / _cGCL |
||
| 082 | 0 | 4 |
_a650 _bG Q |
| 100 | 1 | _aGOVDAN, GILBERT | |
| 245 | 1 | 0 |
_aQUANTITATVE DECISION MAKING FOR BUSINSS, 3TH ED / _cGOVDAN, GILBERT |
| 700 | 1 | _aGORDON, JUDITH R. | |
| 700 | 1 | _aPRESSMAN ISRAEL | |
| 700 | 1 | _aCOHN SONFORD | |
| 260 |
_a[S.N] : _bPREMTICE HALL INTERNATIONAL, INC ، _c1990 |
||
| 300 | _a670 P P | ||
| 650 | 0 | 4 | _aBUSINESS |
| 942 |
_2ddc _cBK |
||
| 999 |
_c16803 _d16803 |
||